1721 1643 1793 1385 1323 1563 1433 1120 1695 1510 1414 1246 1826 1685 1189 1159 1116 1099 1225 1434 1688 1767 1077 1676 1858 1520 1626 1576 1879 1331 1395 1979 1293 1421 1563 1067 1852 1371 1721 1701 1232 1851 1988 1310 1688 1936 1131 1595 1993 1944 1872 1806 1844 1652 1224 1143 1574 1314 1421 1429 1266 1190 1277 1823 1802 1825 1776 1396 1808 1184 1401 1487 1322 1537 1427 1851 1329 1090 1828 1877 1679 1302 1331 1074 1747 1169 1588 1122 1459 1653 1626 1578 1546 1562 1581 1002 1139 1715 1002 BCNSPRNW ULIB Ver.6.0+V

เปลี่ยนเป็นภาษาไทย

Change to English
 แสดงรายละเอียดบรรณานุกรม
  กลับหน้าหลัก

Brief Record : Get Marc (ISO 2709) : E-mail record : QR code < ปิดหน้าต่าง
LEADER : 00000nam 2200000uu 4500
001    13399113912
003     ULIB
008    120112s2554||||th 000 0 tha d
020    ^a9786169070122
050  4 ^aPE1130.T45^bพ167G 2554
100 0  ^aพราว
245 00 ^aGrammar ไม่น่าเบื่อ/^cพราว
250    ^aพิมพ์ครั้งที่ 1
260    ^aกรุงเทพฯ^c2554
300    ^a411 หน้า :^bภาพประกอบ
650  7 ^aภาษาอังกฤษ^xไวยากรณ์
650  7 ^aEnglish grammar
945    ^p220^l0^i18637
995    ^aกัณชพร
999    ^aใช้งานได้ทุกระบบ
รายการนี้ยังไม่มีแท็ก
คุณยังไม่ได้ล็อกอิน คุณสามารถมีกิจกรรมร่วมกับเว็บไซต์ได้ แต่ต้องล็อกอินก่อน ::
  ล็อกอิน

รายการสื่อสารสนเทศ

ลำดับที่ ประเภท เลขเรียก/บาร์โค้ด สถานที่ สถานะ
1. วิทยาศาสตร์การแพทย์ และสุขภาพ
วิทยาศาสตร์การแพทย์ และสุขภาพ
PE1130.T45 พ167G 2554  
  Barcode: 18637
ห้องสมุดวิทยาเขตสวรรค์ประชารักษ์
►หนังสือทั่วไป
บนชั้น

รายการใกล้เคียง
    ผู้แต่ง [พราว]

    หัวเรื่อง [English grammar]

BibComment


ยังไม่เคยถูกคอมเมนท์

คอมเมนท์ทรัพยากรรายการนี้
  คอมเมนท์: Grammar ไม่น่าเบ..


 Copyright 2026. Bcnsprnw @Library